| 000 | 00675nam a2200241Ia 4500 | ||
|---|---|---|---|
| 005 | 20260121112625.0 | ||
| 008 | 7482 260114s9999 xx 000 0 eng d | ||
| 020 | _a9789812770202 | ||
| 037 | _aEBOOK | ||
| 040 |
_aCRL _beng _cCRL |
||
| 041 |
_aeng _2eng |
||
| 084 | _qCRL | ||
| 100 |
_aNeuhaus Michel & Bunke Horst _9960587 |
||
| 245 | 0 | _aBridging the Gap Between Graph Edit Distance and Kernel Machines | |
| 260 | _bWorld Scientific | ||
| 260 | _bWSPC | ||
| 260 | _c2007 | ||
| 650 |
_aComputer Science _9960588 |
||
| 856 | _uhttps://www.worldscientific.com/worldscibooks/10.1142/6523#t=toc | ||
| 942 | _cEBOOK | ||
| 999 |
_c1544782 _d1544782 |
||